[Event "BL2-S9798"]
[Site "Germany"]
[Date "1997.??.??"]
[Round "?.8"]
[White "Bauer, Andreas"]
[Black "Eichler, Christoph"]
[Result "1-0"]
[WhiteElo "2185"]
[BlackElo "2235"]

1.e4 g6 2.d4 Bg7 3.Nc3 c6 4.f4 d6 5.Nf3 Bg4 6.Be3 Qb6 7.Qd2 Nf6 8.O-O-O O-O
9.h3 Bxf3 10.gxf3 d5 11.e5 Nh5 12.f5 Ng3 13.fxg6 fxg6 14.Rg1 Nf5 15.Na4 Qd8
16.Nc5 Qc8 17.Qf2 b6 18.Nd3 Nd7 19.Kb1 e6 20.h4 Rf7 21.h5 Nf8 22.hxg6 Nxg6
23.Bh3 Qd7 24.Bg4 Raf8 25.Bh5 Nxe3 26.Qxe3 Rf5 27.Bg4 R5f7 28.Rh1 Nf4 29.Nxf4 Rxf4
30.Qd3 h6 31.Qg6 Re8 32.Rxh6 Qf7 33.Qh7+ Kf8 34.Bh5 Qf5 35.Rf6+  1-0

[Event "Oberliga Nord W9798"]
[Site "Germany"]
[Date "1997.??.??"]
[Round "?.2"]
[White "Mende, Andreas"]
[Black "Jolowicz, Matias"]
[Result "0-1"]
[WhiteElo "2225"]
[BlackElo "2240"]

1.e4 g6 2.d4 Bg7 3.Nc3 c6 4.Bc4 d6 5.Qf3 e6 6.Nge2 Ne7 7.Bg5 Nd7 8.Bb3 d5
9.O-O O-O 10.Rad1 b6 11.exd5 cxd5 12.Bxd5 exd5 13.Nxd5 f6 14.Bxf6 Nxf6 15.Nxf6+ Bxf6
16.Qxa8 Qc7 17.Qe4 Bf5 18.Qf4 Qxc2 19.Qd2 Qc4 20.b3 Qd5 21.Nc3 Qa5 22.Rfe1 Nc6
23.Ne4 Bxd4 24.Qxa5 bxa5 25.Nd6 Bg4 26.Rxd4 Nxd4 27.Re4 Nf5 28.Nc4 Nh6 29.Nxa5 Bf5
30.Re7 Rf7 31.Re8+ Kg7 32.f3 Rc7 33.Nc4 Nf7 34.Ra8 Bb1 35.a3 Ba2 36.Na5 Nd6
37.a4 Nf5 38.b4 Nd4 39.Kf2 Nb3 40.Nc6 Rxc6 41.Rxa7+ Kf6 42.b5 Rc2+ 43.Ke3 Rc3+
44.Kf2 Nc5 45.a5 Bc4 46.b6 Ba6 47.Rxh7 Ra3 48.h4 Rxa5 49.g4 Ra2+ 50.Kg3 Bf1
51.g5+ Ke6 52.h5 Kf5 53.hxg6 Rg2+ 54.Kh4 Kxg6 55.Rh6+ Kg7 56.Rc6 Nd3 57.b7 Rh2+  0-1

[Event "NRW-Liga II 9697"]
[Site "Germany"]
[Date "1997.??.??"]
[Round "9.1"]
[White "Schneider, Bernd"]
[Black "Hendriks, Willy"]
[Result "1/2-1/2"]
[WhiteElo "2415"]
[BlackElo "2400"]

1.e4 g6 2.d4 Bg7 3.Nc3 c6 4.f4 d5 5.e5 h5 6.Nf3 Nh6 7.Be3 Bg4 8.h3 Nf5 9.Bf2 Bxf3
10.Qxf3 h4 11.Bd3 e6 12.Ne2 Bf8 13.O-O a5 14.b3 Ba3 15.Rab1 Na6 16.c3 Qe7
17.Rfd1 Kf8 18.Kh2 b6 19.Ng1 Nc7 20.Qe2 c5 21.Nf3 cxd4 22.cxd4 Rc8 23.Rd2 Ne8
24.Rc2 Rxc2 25.Qxc2 Qc7 26.Qxc7 Nxc7 27.Rd1 Ke8 28.Bxf5 exf5 29.Bxh4 Ne6
30.Bf6  1/2-1/2

[Event "Groningen op"]
[Site "Groningen"]
[Date "1997.??.??"]
[Round "6"]
[White "Galkin, Alexander"]
[Black "Pelikian, Jefferson"]
[Result "1-0"]
[WhiteElo "2540"]
[BlackElo "2385"]

1.e4 c6 2.d4 g6 3.Nc3 Bg7 4.h3 d5 5.Nf3 Nh6 6.Bf4 dxe4 7.Nxe4 Nf5 8.c3 O-O
9.Bd3 Nd6 10.Nxd6 exd6 11.O-O Be6 12.Re1 Bd5 13.Nd2 Na6 14.Bxa6 bxa6 15.Qa4 g5
16.Bh2 g4 17.hxg4 Qg5 18.Qd1 Rfe8 19.Rxe8+ Rxe8 20.Nf1 h5 21.Ne3 Rxe3 22.fxe3 Qxe3+
23.Kh1 Qh3 24.Qe2 hxg4 25.Kg1 Qh4 26.Qf2 Qh6 27.Re1 Qg6 28.Bf4 Bh6 29.Re8+ Bf8
30.Qh4 f6 31.Qe1 Kg7 32.b3 a5 33.c4 Bf7 34.Ra8 a4 35.Rxa7 axb3 36.axb3 Kg8
37.Ra8 Kg7 38.Qe3 Qb1+ 39.Kh2 Qh7+ 40.Kg3 d5 41.Bh6+ Qxh6 42.Qxh6+ Kxh6 43.Rxf8  1-0

[Event "Groningen op"]
[Site "Groningen"]
[Date "1997.??.??"]
[Round "7"]
[White "Van der Weide, Karel"]
[Black "Kasimdzhanov, Rustam"]
[Result "0-1"]
[WhiteElo "2375"]
[BlackElo "2545"]

1.e4 g6 2.d4 Bg7 3.Nc3 c6 4.Nf3 d6 5.h3 Nf6 6.g3 O-O 7.Bg2 Nbd7 8.O-O e5
9.a4 Qc7 10.a5 Rb8 11.Be3 b5 12.axb6 axb6 13.d5 Bb7 14.Nd2 b5 15.dxc6 Bxc6
16.Ra7 Rb7 17.Rxb7 Qxb7 18.b4 Nb6 19.Qb1 Rc8 20.Rd1 Bd7 21.Ne2 Qc7 22.c3 Be6
23.Qd3 Qc6 24.Kh2 Na4 25.Rc1 h5 26.Bg5 Nd7 27.f4 f6 28.Bh4 Bh6 29.Qf3 Bf7
30.g4 exf4 31.Nxf4 Ne5 32.Qf1 hxg4 33.Nd5 Bxd5 34.exd5 Qc7 35.Ne4 f5 36.Nf6+ Kf7
37.hxg4 Rh8 38.gxf5 Bxc1 39.fxg6+ Nxg6 40.Nh5+ Bf4+ 41.Nxf4 Rxh4+ 42.Nh3+ Kg7
43.Qxb5 Nxc3  0-1

[Event "Perenyi  Memorial"]
[Site "Gyula"]
[Date "1997.??.??"]
[Round "6"]
[White "Sax, Gyula"]
[Black "Vadasz, Laszlo"]
[Result "1-0"]
[WhiteElo "2545"]
[BlackElo "2365"]

1.e4 g6 2.d4 c6 3.Nc3 Bg7 4.h3 d5 5.Nf3 Nf6 6.e5 Ne4 7.Bd3 Nxc3 8.bxc3 c5
9.dxc5 Nc6 10.Bf4 Qa5 11.Qd2 Qxc5 12.O-O O-O 13.Rab1 Qa5 14.Rfe1 Qd8 15.h4 b6
16.Ng5 f6 17.exf6 Rxf6 18.c4 d4 19.h5 Bf5 20.hxg6 Bxd3 21.Qxd3 Rxg6 22.Re6 Qe8
23.Rbe1 Bf6 24.Rxf6  1-0

[Event "Heart of Finland op"]
[Site "?"]
[Date "1997.??.??"]
[Round "2"]
[White "Lehtinen, Heikki"]
[Black "Tella, Jussi"]
[Result "0-1"]
[WhiteElo "2205"]
[BlackElo "2335"]

1.e4 g6 2.d4 Bg7 3.Nc3 c6 4.h3 d5 5.Nf3 Nh6 6.Bf4 dxe4 7.Nxe4 Nf5 8.c3 O-O
9.Bd3 Nd7 10.g4 Nd6 11.Nxd6 exd6 12.Bxd6 Re8+ 13.Kf1 Nb6 14.Bg3 Be6 15.Kg2 Bd5
16.Re1 Rxe1 17.Qxe1 Qd7 18.Qe3 Re8 19.Qf4 Na4 20.Rb1 Bxa2 21.Ra1 Bb3 22.Ra3 Nxb2
23.Bf1 Bd5 24.Rxa7 h6 25.Qd6 Qc8 26.Qb4 Qe6 27.Qxb2 Bxf3+ 28.Kh2 Bd5 29.Rxb7 Qe4
30.f3 Qxf3 31.Bg2 Re2  0-1

[Event "Heart of Finland op"]
[Site "?"]
[Date "1997.??.??"]
[Round "3"]
[White "Angskog, Kent"]
[Black "Ivanov, Mikhail M"]
[Result "1/2-1/2"]
[WhiteElo "2205"]
[BlackElo "2500"]

1.e4 g6 2.d4 Bg7 3.Nc3 c6 4.Nf3 d6 5.a4 Nf6 6.h3 O-O 7.Be3 Qc7 8.Qd2 e5 9.dxe5 dxe5
10.Rd1 Nbd7 11.Bc4 Nh5 12.Qd6 Qxd6 13.Rxd6 Nf4 14.O-O Nb6 15.Bb3 Be6 16.Bxf4 exf4
17.a5 Nc8 18.Rd3 Bxb3 19.cxb3 b6 20.a6 b5 21.e5 Nb6 22.Rc1 Rfe8 23.Rd6 Rac8
24.Ne4 Bxe5 25.Nxe5 Rxe5 26.Nf6+ Kg7 27.Rcxc6 Rxc6 28.Rxc6 Re1+ 29.Kh2 b4
30.f3 Re6 31.Rxe6 fxe6 32.Ne4 Nd5 33.g4 Nc7 34.Nc5 e5 35.Nd3 Nxa6 36.Nxe5 Kf6
37.Nd3 g5 38.Kg2 Ke6 39.Kf2 Kd5 40.Ke2 Kd4 41.Kd2 Kd5 42.Ke2 h6 43.Kd2 Kd6
44.Kc2 Kd5 45.Kd2 Kc6 46.Ne5+ Kb5 47.Nd7 Nc7 48.Kd3 Ne6 49.Ke4 a5 50.Kd5 Nc7+
51.Kd4 Ne6+ 52.Kd5 Nd8 53.Nc5 Nc6 54.Ne4 Ne7+ 55.Kd4 Nc6+ 56.Kd5 Ne7+ 57.Kd4 Nc6+
58.Kd5 Ne7+  1/2-1/2

[Event "Heart of Finland op"]
[Site "?"]
[Date "1997.??.??"]
[Round "9"]
[White "Zapolskis, Antanas"]
[Black "Ivanov, Mikhail M"]
[Result "1-0"]
[WhiteElo "2385"]
[BlackElo "2500"]

1.e4 g6 2.d4 Bg7 3.Nc3 c6 4.Nge2 d6 5.Be3 b5 6.Qd2 Nd7 7.Ng3 Nb6 8.Bd3 h5
9.h3 e5 10.dxe5 dxe5 11.b3 Nf6 12.O-O h4 13.Nge2 Nh5 14.Rad1 O-O 15.Bg5 Bf6
16.Bxf6 Qxf6 17.f4 exf4 18.Nxf4 Qd4+ 19.Kh2 Qe5 20.Kg1 Ng3 21.Rf2 Nd7 22.Nfe2 Qc5
23.b4 Qxb4 24.Qg5 Qc5 25.Qxh4 Nh5 26.Rf1 Ne5 27.Kh1 Be6 28.Rf5 Ng7 29.Qh6 Rae8
30.R5f4 Nxd3 31.Rh4 Nh5 32.cxd3 Qe5 33.g4 Qg7 34.Qd2 Nf6 35.e5 Bd5+ 36.Nxd5 Nxd5
37.d4 f6 38.Ng3 fxe5 39.Nf5 gxf5 40.gxf5 Kf7 41.Rg1 Qxg1+ 42.Kxg1 Rg8+ 43.Rg4 e4
44.Qh6 Nf6 45.Rg6 e3 46.Kf1  1-0

[Event "Hessenliga9798"]
[Site "Hessen"]
[Date "1997.??.??"]
[Round "?.1"]
[White "Rasch, Holger"]
[Black "Reschke, Thomas"]
[Result "1/2-1/2"]
[WhiteElo "2250"]
[BlackElo "2210"]

1.e4 g6 2.d4 Bg7 3.Nc3 c6 4.Be3 d5 5.Qd2 Nf6 6.e5 Ng4 7.Bf4 f6 8.exf6 Nxf6
9.O-O-O O-O 10.f3 Nbd7 11.g4 c5 12.dxc5 e5 13.Bg5 Qa5 14.Bxf6 Nxf6 15.g5 Nh5
16.Qxd5+ Kh8 17.Ne4 Nf4 18.Qb3 Bf5 19.Bc4 Rac8 20.Ne2 Bxe4 21.fxe4 Qxc5  1/2-1/2

[Event "Hessenliga9798"]
[Site "Hessen"]
[Date "1997.??.??"]
[Round "?.1"]
[White "Galdunts, Sergey"]
[Black "Gallo, Jens"]
[Result "0-1"]
[WhiteElo "2435"]
[BlackElo "2230"]

1.e4 g6 2.d4 Bg7 3.Nc3 c6 4.Bc4 d6 5.Qf3 e6 6.Nge2 Nd7 7.O-O Ne7 8.Bb3 O-O
9.Bg5 h6 10.Bh4 b5 11.a4 b4 12.Na2 Bb7 13.Rad1 c5 14.Qe3 g5 15.Bg3 e5 16.dxe5 Nxe5
17.f4 gxf4 18.Bxf4 N7g6 19.Bd5 Bxd5 20.Rxd5 Nxf4 21.Nxf4 Qh4 22.g3 Qxh2+
23.Kxh2 Ng4+  0-1

[Event "BCF-ch"]
[Site "Hove"]
[Date "1997.??.??"]
[Round "5"]
[White "Adams, Michael"]
[Black "Martin, Andrew D"]
[Result "1/2-1/2"]
[WhiteElo "2680"]
[BlackElo "2425"]

1.e4 g6 2.d4 Bg7 3.Nc3 c6 4.Nf3 d5 5.h3 Nf6 6.Bd3 dxe4 7.Nxe4 Nxe4 8.Bxe4 O-O
9.O-O Nd7 10.c3 c5 11.Bc2 cxd4 12.Nxd4 a6 13.Bg5 Nc5 14.Re1 Re8 15.Qe2 Ne6
16.Nxe6 Bxe6 17.Be4 Qc7 18.Qf3 Qb6 19.Bxb7 Rab8 20.Bc6 Rec8 21.Bf4 Qxb2 22.Bxb8 Qxc3
23.Rad1 Rxb8 24.Bd5 Bxd5 25.Qxd5 Bf6 26.Rc1 Qa3 27.Rc2 Kg7 28.g3 h5 29.Kg2 h4
30.g4 g5 31.Re3 Qa4 32.Rb3 Rd8 33.Qc6 Qd4 34.Qc4 Qa1 35.Rd3 Rb8 36.Rc1 Qe5
37.Rd5 Qb2 38.Rcd1 Qb7 39.Kg1 Rc8 40.Qe2 Rc3 41.R5d3 Rc6 42.Qf3 Qc7 43.Kg2 Rc4
44.Qd5 Rc2 45.R1d2 Rc1 46.Rd1 Rc2 47.R3d2 Rc3 48.Qe4 Rc4 49.Qa8 Qf4 50.Qf3 Qc7
51.Rd7 Qa5 52.Qe2 Qa4 53.R7d5  1/2-1/2

[Event "HUN-chT 9798"]
[Site "Hungary"]
[Date "1997.??.??"]
[Round "?"]
[White "Grabics, Monika"]
[Black "Sziva, Erika"]
[Result "1/2-1/2"]
[WhiteElo "2255"]
[BlackElo "2275"]

1.e4 g6 2.d4 Bg7 3.Nc3 c6 4.Be3 d5 5.e5 Nh6 6.Qd2 Ng4 7.Bf4 f6 8.exf6 Nxf6
9.Nf3 O-O 10.Bd3 Bg4 11.Ne5 Nbd7 12.f3 Bf5 13.Bxf5 gxf5 14.Bh6 e6 15.Bxg7 Kxg7
16.Qg5+ Kh8 17.O-O-O Nxe5 18.dxe5 Nd7 19.Qf4 Rg8 20.Rd2 Qe7 21.g3 a6 22.Rg1 b5
23.g4 fxg4 24.Rxg4 Rxg4 25.fxg4 Rf8 26.Qe3 c5 27.Nd1 Qg7 28.h3 d4 29.Qe4 Nxe5
30.b3 Qg5 31.h4 Qf4 32.Qxf4 Rxf4 33.Re2 Nxg4 34.Rxe6 Rf1 35.Kd2 Rf6 36.Rxf6 Nxf6
37.Kd3 Kg7 38.b4 cxb4 39.Kxd4 Nd7 40.Nf2 Kf7 41.Nd3 Kg6 42.Nxb4 a5 43.Nc6 Kh5
44.c4 bxc4 45.Nxa5 c3 46.Kxc3 Kxh4 47.Nc4 h5 48.a4 Kg3 49.a5 Nb8 50.Ne3 Kf3  1/2-1/2

[Event "HUN-chT 9798"]
[Site "Hungary"]
[Date "1997.??.??"]
[Round "?"]
[White "Toth, Andras"]
[Black "Sziva, Erika"]
[Result "1/2-1/2"]
[WhiteElo "2245"]
[BlackElo "2275"]

1.e4 g6 2.d4 Bg7 3.Nc3 c6 4.f4 d5 5.e5 Nh6 6.Nf3 f6 7.Be3 Bg4 8.Be2 O-O 9.O-O Nf5
10.Bf2 Bh6 11.Nh4 Bxe2 12.Qxe2 fxe5 13.Qxe5 Qd7 14.Nf3 Na6 15.g3 Nc7 16.a4 Bg7
17.Qe2 Bf6 18.Rfe1 e6 19.g4 Nd6 20.Ne5 Qe7 21.Qd3 Qg7 22.Bg3 Rae8 23.Rf1 Nc4
24.b3 Nxe5 25.fxe5 Be7 26.Ne2 Rxf1+ 27.Rxf1 Rf8 28.Rxf8+ Qxf8 29.Kg2  1/2-1/2

[Event "HUN-chT 9798"]
[Site "Hungary"]
[Date "1997.??.??"]
[Round "?"]
[White "Hazai, Laszlo"]
[Black "Van Mil, Johannes A J"]
[Result "0-1"]
[WhiteElo "2455"]
[BlackElo "2405"]

1.e4 g6 2.d4 Bg7 3.Nc3 c6 4.f4 d5 5.e5 Nh6 6.Nf3 f6 7.Be3 Bg4 8.Be2 O-O 9.h3 Bxf3
10.Bxf3 e6 11.g4 fxe5 12.fxe5 c5 13.dxc5 Nc6 14.O-O Nf7 15.Nb5 Bxe5 16.Nd4 Qh4
17.Bg2 Bxd4 18.Bxd4 Ng5 19.Qd3 Nxd4 20.Qxd4 Qg3 21.Kh1 Nxh3 22.Bxh3 Qxh3+
23.Kg1 Qg3+ 24.Kh1 Qh3+ 25.Kg1 Qg3+ 26.Kh1 Rf3 27.Rxf3 Qxf3+ 28.Kh2 Qe2+  0-1

[Event "ISL-chT"]
[Site "Iceland"]
[Date "1997.??.??"]
[Round "?"]
[White "Karason, Askell O"]
[Black "Karlsson, Agust S"]
[Result "0-1"]
[WhiteElo "2245"]
[BlackElo "2335"]

1.d4 g6 2.e4 Bg7 3.Nc3 c6 4.Nf3 d5 5.h3 dxe4 6.Nxe4 Nd7 7.Bc4 Ngf6 8.Neg5 O-O
9.Qe2 Nb6 10.Bb3 a5 11.Ne5 Nbd5 12.a3 a4 13.Ba2 Nh5 14.g4 Nhf6 15.c3 Nd7
16.O-O Nxe5 17.dxe5 b5 18.c4 bxc4 19.Bxc4 Qb6 20.e6 f6 21.Nf7 Ba6 22.Nh6+ Bxh6
23.Bxh6 Bxc4 24.Qxc4 Rfc8 25.Rfd1 Qxb2 26.Rac1 Qe5 27.Re1 Qd6 28.Qc5 Qd8
29.Red1 g5 30.h4 gxh4 31.f4 Kh8 32.Qf2 Qg8 33.Qxh4 Qxe6 34.Re1 Qd6 35.f5 Rg8
36.Re6 Qxa3 37.Rce1 Qf3 38.R1e4 Qxf5 39.Kh2 Qg6 40.g5 a3  0-1

[Event "Kiev"]
[Site "Kiev"]
[Date "1997.??.??"]
[Round "4"]
[White "Frolov, Artur"]
[Black "Komliakov, Viktor"]
[Result "1/2-1/2"]
[WhiteElo "2515"]
[BlackElo "2460"]

1.e4 g6 2.d4 Bg7 3.Nc3 c6 4.h4 d5 5.e5 h5 6.Bf4 Nh6 7.Qd2 Bf5 8.Nf3 Nd7 9.Nd1 Nf8
10.Ne3 Ne6 11.Bg3 Qd7 12.Ng5 Nc7 13.Be2 f6 14.exf6 exf6 15.Bxc7 Qxc7 16.Nxf5 Nxf5
17.Ne6 Qe7 18.Nxg7+ Qxg7 19.O-O-O Qh6 20.Bd3 Nd6 21.Rde1+ Kf7 22.Re3 Rae8
23.Rhe1 Rxe3 24.Rxe3 Qf8 25.g3 Qd8 26.Qe2 Re8 27.Rxe8 Qxe8 28.Qxe8+ Nxe8
29.Kd2  1/2-1/2

[Event "Kiev"]
[Site "Kiev"]
[Date "1997.??.??"]
[Round "7"]
[White "Pesotsky, Vitaly"]
[Black "Komliakov, Viktor"]
[Result "1/2-1/2"]
[WhiteElo "2415"]
[BlackElo "2460"]

1.e4 g6 2.d4 Bg7 3.Nc3 c6 4.Nf3 d6 5.a4 Nd7 6.Bc4 d5 7.exd5 Nb6 8.Qe2 Nxd5
9.Bxd5 cxd5 10.Qb5+ Kf8 11.Qxd5 Qxd5 12.Nxd5 Bf5 13.c3 Be4 14.Ne3 Bxf3 15.gxf3 e6
16.Ra3 Rd8 17.Rb3 Rd7 18.Ke2 Ne7 19.Rd1 f6 20.Rb5 Kf7 21.d5 exd5 22.Nxd5 a6
23.Rc5 Nc6 24.Ne3 Rxd1 25.Kxd1 Bf8 26.Rd5 Ke6 27.Ke2 Bd6 28.h3 Rc8 29.Rd1 Ne7
30.Nc2 Nf5 31.Nd4+ Nxd4+ 32.Rxd4 b5 33.Bf4 Be7 34.Be3 f5 35.axb5 axb5 36.Rd1 Ra8
37.Kd3 Bd6 38.Bd4 Kd5 39.Kc2 Ke6 40.Kb3 Kd5 41.Be3+  1/2-1/2

[Event "Krasnodar"]
[Site "Krasnodar"]
[Date "1997.??.??"]
[Round "8"]
[White "Beshukov, Sergei"]
[Black "Tseshkovsky, Vitaly"]
[Result "1-0"]
[WhiteElo "2435"]
[BlackElo "2510"]

1.e4 g6 2.d4 Bg7 3.Nc3 c6 4.Nf3 d6 5.h3 Nf6 6.Be3 O-O 7.a4 a5 8.Be2 Na6 9.O-O Nb4
10.Nd2 Ne8 11.Ncb1 f5 12.f3 Nf6 13.c3 Na6 14.g4 h5 15.Na3 Nc7 16.Nac4 Be6
17.Nb6 Rb8 18.c4 f4 19.Bf2 Nh7 20.Kg2 Na6 21.c5 dxc5 22.dxc5 Bxb2 23.Rb1 Bd4
24.Bxa6 bxa6 25.Qc2 Bxf2 26.Rxf2 Qd4 27.Nb3 Qf6 28.e5 Qg7 29.Nxa5 Ng5 30.Nxc6 Qh6
31.Rh1  1-0

[Event "US-op"]
[Site "Las Vegas"]
[Date "1997.??.??"]
[Round "6"]
[White "Crispin, Thomas A"]
[Black "Chase, Christopher"]
[Result "0-1"]
[WhiteElo "2170"]
[BlackElo "2390"]

1.e4 g6 2.d4 Bg7 3.Nc3 c6 4.Nf3 d6 5.Be2 Nf6 6.O-O O-O 7.a4 Bg4 8.Ne1 Bxe2
9.Qxe2 e5 10.dxe5 dxe5 11.Nd3 Nbd7 12.Be3 Qe7 13.a5 Nh5 14.Ra3 Rfb8 15.Rfa1 Bf8
16.Rb3 Ng7 17.f4 Ne6 18.fxe5 Nec5 19.Rba3 Qe6 20.R3a2 Rd8 21.Nxc5 Bxc5 22.Bxc5 Nxc5
23.Qf2 Qxe5 24.Rf1 Rd7 25.Raa1 Nxe4 26.Nxe4 Qxe4 27.Rae1 Qc4 28.c3 a6 29.Re5 Rad8
30.Qe3 Kg7 31.Re7 Rd1 32.Qe5+ Kh6 33.Qe3+ g5 34.Re1 Rxe1+ 35.Qxe1 Qc5+ 36.Kf1 Rd6
37.Qe3 Rf6+ 38.Ke2 Qb5+  0-1

[Event "Leeuwarden op"]
[Site "Leeuwarden"]
[Date "1997.??.??"]
[Round "2"]
[White "Van der Wiel, John TH"]
[Black "Van Mil, Johannes A J"]
[Result "1/2-1/2"]
[WhiteElo "2525"]
[BlackElo "2420"]

1.e4 g6 2.d4 Bg7 3.Nc3 c6 4.f4 d5 5.e5 Nh6 6.Be2 f6 7.Nf3 Bg4 8.h3 Bxf3 9.Bxf3 e6
10.O-O O-O 11.Ne2 Nd7 12.c3 Qe7 13.exf6 Bxf6 14.Be3 Nf5  1/2-1/2

[Event "Leeuwarden op"]
[Site "Leeuwarden"]
[Date "1997.??.??"]
[Round "5"]
[White "Van der Werf, Mark"]
[Black "Ree, Hans"]
[Result "1-0"]
[WhiteElo "2410"]
[BlackElo "2435"]

1.d4 g6 2.e4 Bg7 3.Nc3 c6 4.Be3 d5 5.Qd2 dxe4 6.Nxe4 Nd7 7.Nf3 Ngf6 8.Ng3 O-O
9.Bc4 c5 10.O-O cxd4 11.Bxd4 Qc7 12.Qc3 Kh8 13.Ng5 e6 14.Rfe1 Qf4 15.Nf3 Ne8
16.Rad1 Qc7 17.Bxg7+ Nxg7 18.Qd4 Qb6 19.Qh4 Qxb2 20.Qh6 Nf6 21.Ng5 Qb4 22.Re4 Qe7
23.Rh4 Ngh5 24.Nxh5 gxh5 25.Rf4  1-0

[Event "Masters"]
[Site "Lisbon"]
[Date "1997.??.??"]
[Round "1"]
[White "Quadrio, Alexandre"]
[Black "Silva, Fernando"]
[Result "0-1"]
[WhiteElo "2230"]
[BlackElo "2340"]

1.e4 g6 2.d4 Bg7 3.Nc3 c6 4.Bc4 d6 5.Qf3 e6 6.Nge2 Ne7 7.Bg5 Nd7 8.O-O O-O
9.a4 e5 10.Rad1 exd4 11.Nxd4 Ne5 12.Qe2 h6 13.Bh4 g5 14.Bg3 Nxc4 15.Qxc4 d5
16.Qe2 f5 17.exf5 Bxd4 18.Rxd4 Nxf5 19.Rd3 Nxg3 20.Rxg3 Bf5 21.Qd2 Kh7 22.Ne2 Qf6
23.Nd4 Be4 24.b4 Rae8 25.Rh3 Qf4 26.Qc3 g4 27.Rg3 h5 28.h3 Bg6 29.b5 Re4
30.Nb3 Rc4 31.Qe1 Rxc2 32.hxg4 hxg4 33.Qe7+ Kh6 34.Qh4+ Bh5 35.Re3 Rf6 36.Nc1 g3
37.Qxf4+ Rxf4 38.Rxg3 c5 39.Nd3 Rf5 40.Re1 c4 41.Re6+ Kh7 42.Re7+ Rf7 43.Rxf7+ Bxf7
44.Nb4 Rc1+ 45.Kh2 d4 46.Rg4 Rb1 47.Nc2 d3 48.Ne3 c3  0-1

[Event "Ljubljana op"]
[Site "Ljubljana"]
[Date "1997.??.??"]
[Round "8"]
[White "Ilijin, Neboisa"]
[Black "Srebrnic, Vojko"]
[Result "0-1"]
[WhiteElo "2290"]
[BlackElo "2230"]

1.d4 g6 2.e4 Bg7 3.Nc3 c6 4.Nf3 d5 5.h3 Nh6 6.Bd3 O-O 7.O-O dxe4 8.Nxe4 Nf5
9.c3 Nd7 10.Bf4 Nf6 11.Nxf6+ Bxf6 12.Re1 Nd6 13.Qd2 b6 14.Ne5 Bd7 15.Bh6 Re8
16.Qf4 Rc8 17.Re2 Bf5 18.Ba6 Rc7 19.Rae1 Bc8 20.Bxc8 Rxc8 21.Ng4 Bh8 22.Bg5 f6
23.Nh6+ Kf8 24.Re6 Nf7 25.Nxf7 Kxf7 26.Bh4 Bg7 27.Qe4 Qd7 28.f4 Rc7 29.f5 Qd5
30.Qxd5 cxd5 31.g4 Bh6 32.fxg6+ hxg6 33.Bxf6 Bd2 34.R1e2 Bc1 35.Bg5 Bxg5
36.R6e5 Bf6 37.Rxd5 g5 38.Rf5 e6 39.Rf1 Kg6 40.Rfe1 Rce7 41.Kg2 e5 42.d5 Rc8
43.Re4 Rec7 44.Kf3 Rc4 45.Rxc4 Rxc4 46.Re4 Rc5 47.c4 Kf7 48.a4 Rc8 49.Ke2 Ke7
50.Kd3 Kd6 51.b3 Rf8 52.a5 bxa5 53.Re1 Bd8 54.Ke2 e4 55.Rb1 Bb6 56.b4 axb4
57.Rxb4 Rf2+ 58.Ke1 Rh2 59.c5+ Bxc5 60.Ra4 Kxd5  0-1

[Event "Ljubljana op"]
[Site "Ljubljana"]
[Date "1997.??.??"]
[Round "9"]
[White "Grinfeld, Alla B"]
[Black "Nikolic, Sava NR"]
[Result "1-0"]
[WhiteElo "2280"]
[BlackElo "2080"]

1.e4 g6 2.d4 Bg7 3.Nc3 c6 4.Be3 d6 5.Qd2 b5 6.h4 h5 7.f3 a5 8.a4 b4 9.Nd1 Nf6
10.Nh3 Qc7 11.Ng5 Na6 12.Rc1 O-O 13.c3 Rb8 14.Bc4 e5 15.O-O Qe7 16.Qf2 Bb7
17.Re1 Nd7 18.Qe2 Nc7 19.Qd2 d5 20.exd5 cxd5 21.Ba2 Qd6 22.cxb4 axb4 23.Bb3 Rbe8
24.Nf2 f6 25.Nge4 Qb6 26.dxe5 Qa5 27.exf6 Nxf6 28.Rc5 Nxe4 29.Nxe4 Qa8 30.Rxc7 Kh8
31.Bd4  1-0

[Event "Rheinhessen-ch H1 op"]
[Site "Mainz"]
[Date "1997.??.??"]
[Round "3"]
[White "Dillmann, Markus"]
[Black "Noll, Paul"]
[Result "1-0"]
[WhiteElo "1905"]
[BlackElo "1870"]

1.e4 g6 2.d4 Bg7 3.Nc3 c6 4.f4 d5 5.e5 h5 6.Nf3 Nh6 7.Be3 Bg4 8.h3 Bxf3 9.Qxf3 Nf5
10.Bf2 h4 11.Bd3 e6 12.O-O Nd7 13.Ne2 Bf8 14.b3 Be7 15.c4 dxc4 16.bxc4 Nb6
17.a4 a5 18.Rfd1 Qc7 19.d5 exd5 20.cxd5 Nxd5 21.Bc4 Nb6 22.Ba2 O-O 23.e6 f6
24.Qg4 Kg7 25.Bb1 Kh6 26.Nd4 Nd5 27.Nxf5+ gxf5 28.Qxf5 Nxf4 29.Qh7+ Kg5 30.Qxh4+  1-0

[Event "Greenhills op"]
[Site "Manila"]
[Date "1997.??.??"]
[Round "2"]
[White "Paragua, Mark"]
[Black "Sales, Jesse Noel"]
[Result "1-0"]
[WhiteElo "2150"]
[BlackElo "2330"]

1.e4 g6 2.d4 Bg7 3.Nc3 c6 4.f3 d5 5.Be3 dxe4 6.fxe4 Nf6 7.Be2 O-O 8.e5 Nd5
9.Nxd5 Qxd5 10.Nf3 Nd7 11.O-O Qa5 12.Ng5 Nb6 13.c4 c5 14.dxc5 h6 15.Nxf7 Be6
16.Qd4 Bxf7 17.cxb6 axb6 18.Bf4 Rad8 19.Qe4 g5 20.Bg3 Qd2 21.Rad1 Qxb2 22.Bd3 Rxd3
23.Rxd3 Qc2 24.e6 Bh5 25.Rxf8+ Bxf8 26.Re3 Qxa2 27.Be5 b5 28.Bc3 Qxc4 29.Qe5  1-0

[Event "Manresa op"]
[Site "Manresa"]
[Date "1997.??.??"]
[Round "8"]
[White "Vehi Bach, Victor Manuel"]
[Black "Lopez Sanchez, Xavier"]
[Result "1-0"]
[WhiteElo "2390"]
[BlackElo "2170"]

1.e4 g6 2.d4 c6 3.Nc3 Bg7 4.f4 d5 5.e5 h5 6.Be3 Nh6 7.Qd2 a6 8.O-O-O Bg4
9.Re1 e6 10.h3 Bf5 11.g3 Qc7 12.Bg2 c5 13.Nge2 c4 14.Nd1 Nc6 15.Nf2 O-O-O
16.Bf3 c3 17.Nxc3 Na5 18.g4 Nc4 19.Qe2 Bf8 20.Nfd1 Be4 21.Bxe4 dxe4 22.Bf2 e3
23.Bxe3 Nxe3 24.Qxe3 hxg4 25.hxg4 Nxg4 26.Qf3 Rxh1 27.Rxh1 Nh6 28.d5 exd5
29.Nxd5 Qa5 30.N1c3 Nf5 31.Qe4 Ng3 32.Qc4+ Qc5 33.Qxc5+ Bxc5 34.Rh3 Nf5 35.a3 b5
36.Kb1 a5 37.Nf6 Ne3 38.Nfe4 Bb6 39.Nd6+ Kd7 40.Ncxb5 Nd5 41.Rf3 Ke6 42.Nc4 Kf5
43.Nbd6+ Kg4 44.Rf1 Rd7 45.Rd1  1-0

[Event "CUB-ch"]
[Site "Matanzas"]
[Date "1997.??.??"]
[Round "3"]
[White "Vazquez, Renier"]
[Black "Gonzalez, Renier"]
[Result "1/2-1/2"]
[WhiteElo "2260"]
[BlackElo "2385"]

1.e4 g6 2.d4 Bg7 3.Nc3 c6 4.Nf3 d5 5.h3 Nh6 6.Bd3 O-O 7.O-O f6 8.Qe2 Nf7
9.Bf4 e6 10.Bg3 Nd7 11.Rfe1 Nb6 12.a4 Bd7 13.a5 Nc8 14.Na4 b6 15.exd5 exd5
16.c4 dxc4 17.Bxc4 Kh8 18.Qd2 Ncd6 19.Bxf7 Nxf7 20.Qb4 bxa5 21.Qb7 Bf5 22.Re7 Bc8
23.Qc7 Qxc7 24.Bxc7 Ng5 25.Nxg5 fxg5 26.Be5 Bxe5 27.dxe5 g4 28.hxg4 Bxg4
29.Nc3 Rfe8 30.Rxe8+ Rxe8 31.Rxa5 Re7 32.f4 Bf5 33.Ra6 Rb7 34.Rxc6 Rxb2 35.e6 Rb8
36.e7 Re8 37.Rc7 Kg7 38.g4 Bd3 39.Rd7 Bc2 40.Nd5 Kf7 41.Rxa7 Bb3  1/2-1/2

[Event "Mondariz op"]
[Site "Mondariz"]
[Date "1997.??.??"]
[Round "?"]
[White "Hernandez, Yudania"]
[Black "Baches Garcia, Guillermo"]
[Result "1-0"]
[WhiteElo "2290"]
[BlackElo "2275"]

1.e4 g6 2.d4 Bg7 3.Nc3 c6 4.Bc4 d6 5.Qf3 e6 6.Nge2 Nd7 7.Be3 Ngf6 8.O-O-O O-O
9.g4 b5 10.Bb3 Nb6 11.Bg5 h6 12.Bh4 g5 13.Bg3 b4 14.Na4 d5 15.e5 Ne4 16.h4 Ba6
17.hxg5 Bxe2 18.Qxe2 Nxg3 19.fxg3 Qxg5+ 20.Kb1 Nxa4 21.Bxa4 c5 22.Rh5 Qg6
23.Bb5 c4 24.g5 hxg5 25.Qg4 f5 26.Rxg5 Qh6 27.Qf4 a6 28.Ba4 Ra7 29.Qc1 Qh2
30.Rh1 Qe2 31.Rg6 f4 32.gxf4 Qe4 33.Rxe6 Rxf4 34.Re8+ Rf8 35.Rxf8+ Kxf8 36.Qf1+ Rf7
37.Qh3 Kg8 38.Qc8+ Bf8 39.Rg1+ Kh8 40.Qh3+ Rh7 41.Qe6 Rg7 42.Rf1 Be7 43.Qh3+ Qh7
44.Qxh7+ Rxh7 45.Bc6 c3 46.Bxd5 Rh4 47.Rd1 Bg5 48.Bc6 Bd2 49.d5 Kg7 50.bxc3 bxc3
51.a3 Kf7 52.Ka2 Re4 53.e6+ Kf6 54.Rb1 Be3 55.Rb8 a5 56.d6  1-0

[Event "Mondariz op"]
[Site "Mondariz"]
[Date "1997.??.??"]
[Round "?"]
[White "Bello Filgueira, Joaquin"]
[Black "Martinez Rodriguez, Pablo"]
[Result "0-1"]
[WhiteElo "2005"]
[BlackElo "2220"]

1.e4 g6 2.d4 Bg7 3.Nc3 c6 4.Be3 d5 5.exd5 cxd5 6.Bb5+ Nc6 7.Nge2 Nf6 8.Qd2 O-O
9.Bxc6 bxc6 10.Bh6 Bxh6 11.Qxh6 Qb6 12.b3 e5 13.Qd2 exd4 14.Qxd4 c5 15.Qd2 Bb7
16.O-O-O Rfe8 17.Na4 Qa6 18.Nec3 d4 19.Nb1 Re2 20.Qf4 Nd5 21.Nxc5 Qxa2  0-1

[Event "Moravia-chT 9697"]
[Site "?"]
[Date "1997.??.??"]
[Round "?"]
[White "Sosna, Jan"]
[Black "Simacek, Pavel"]
[Result "1/2-1/2"]
[WhiteElo "2350"]
[BlackElo "2255"]

1.e4 g6 2.d4 Bg7 3.Nc3 c6 4.Nf3 d5 5.h3 a6 6.Bf4 f6 7.Qd2 e6 8.Bd3 Nd7 9.O-O Ne7
10.Rfe1 O-O 11.exd5 exd5 12.a4 a5 13.Re3 Nb6 14.Rae1 Nf5 15.R3e2 Nd6 16.b3 f5
17.Nd1 Ne4 18.Qc1 Nd7 19.c4 Qb6 20.Ne3 Ndf6 21.Qc2 Be6 22.Be5 Bh6 23.Nh2 Nd7
24.Bxe4 dxe4 25.Bd6 Rfd8 26.Rd1 c5 27.dxc5 Nxc5 28.Bxc5 Qxc5 29.Red2 Bg5
30.Rxd8+ Rxd8 31.Rxd8+ Bxd8 32.Qd2 Bf6 33.Nhf1 f4 34.Nd5 Bxd5 35.cxd5 Be5
36.Kh1 g5 37.Qe2 Qxd5 38.Nd2 e3 39.fxe3 fxe3 40.Qxe3 Bf4 41.Qe8+ Kg7 42.Qe7+ Kg6
43.Qe8+ Qf7 44.Qxf7+ Kxf7 45.Nc4 Bc7 46.Kg1 Ke6 47.Kf2 Kd5 48.Ke3 Kc5 49.Kd3 Kb4
50.Kc2 Bg3 51.Nd2 Bf4 52.Ne4 b5 53.axb5 Kxb5 54.g3 Be5 55.g4 Bf4 56.Nf6 Bd6
57.Ne4 Bf4 58.Kc3 Be5+ 59.Kd3 Kb4 60.Kc2 Bf4 61.Nf2 Kc5 62.Kd3  1/2-1/2